demons gd - Statistiques

Statistiques générales
  • Ce quiz a été pris 4 fois
  • Le résultat moyen est 19 sur 56
Statistiques - réponses
Rank Hint Réponse % Correct
25 easy demon Clubstep
100%
39 easy demon crescendo
100%
14 easy demon Deadlocked
100%
55 easy demon Demon mixed
100%
8 medium demon Sirius
100%
56 easy demon the lightning road
100%
57 easy demon The nightmare
100%
13 medium demon aTTEMPS
50%
3 hard demon BadLand
50%
6 hard demon BLU3SCR33N3D
50%
19 easy demon Citadel
50%
2 hard demon Compact
50%
5 hard demon Dash v3
50%
15 easy demon Death moon
50%
16 easy demon Death step III
50%
17 medium demon Devil girl
50%
18 medium demon Ghost ship
50%
4 hard demon Hyperyard
50%
40 easy demon IspyWithMyLittleEye
50%
47 easy demon Kinemortophobia
50%
1 insane demon Kobai
50%
34 easy demon Last abyss
50%
29 easy demon Météorite 2024
50%
21 medium demon Noël electra
50%
53 easy demon platinum adventure
50%
23 easy demon Theory of everything 2
50%
9 hard demon The room with clocks
50%
43 easy demon tripwire
50%
7 medium demon Ultra violence
50%
42 easy demon unmaded
50%
24 easy demon White space
50%
27 easy demon And ever
0%
20 medium demon Breakout
0%
36 easy demon Caput mundi
0%
10 medium demon Castelmania
0%
12 medium demon CRUD
0%
48 easy demon cyberphobia
0%
51 easy demon demon jumper
0%
41 easy demon Fall apart
0%
45 easy demon Great asset
0%
44 easy demon haunted moon
0%
26 easy demon Im dead
0%
35 easy demon impact X
0%
54 easy demon Luminescent
0%
22 easy demon Mr crazyhands
0%
32 easy demon Nexus
0%
49 easy demon Phjork
0%
50 easy demon Sadrop
0%
52 easy demon Shiver
0%
37 easy demon Speed racer
0%
38 easy demon star road
0%
33 easy demon this is halloween
0%
31 easy demon Tirami II
0%
28 medium demon Uve been funked
0%
11 medium demon Wannacry
0%
46 easy demon What is it
0%
Aucun quiz correspondant
Distribution des résultats
% des personnes avec chaque résultat
Percentile par nombre de réponses
Votre historique - résultats
Vous n’avez pas pris ce quiz